00314nam a2200133Ia 4500008004100000100001400041245002500055250001200080260004400092300000800136650001400144942000700158999001500165190216s9999||||xx |||||||||||||| ||und|| aPigou A C 0aEconomics Of Welfare a4th Ed. bThe English Language Book Societyc1962 a876 aEconomics cBK c9143d9143